Les Classiques Disney/Pixar Commençant par V - Statistiques

Statistiques générales
  • Ce quiz a été pris 16 fois
  • Le résultat moyen est 4 sur 6
Statistiques - réponses
Indice Réponse % Correct
2016 Vaiana, La Légende du Bout du Monde
100%
2024 Vaiana 2
85%
2008 Volt, Star Malgré Lui
62%
2015 Vice Versa
54%
2024 Vice Versa 2
54%
2015 Le Voyage D'Arlo
38%
Aucun quiz correspondant
Distribution des résultats
% des personnes avec chaque résultat
Percentile par nombre de réponses
Votre historique - résultats
Vous n’avez pas pris ce quiz